Lectura, ortografía y composición en la escuela primaria

Uloženo v:
Podrobná bibliografie
Hlavní autoři: Horrocks, Edna H (Autor), Sackett, Grace L (Autor), Gary, Nancy (Autor), Kwapil, Helen (Autor)
Médium: Kniha
Jazyk:španělština
Vydáno: Barcelona Paidós 1982
Edice:Paidós educador, 17
Témata:
Tagy: Přidat tag
Žádné tagy, Buďte první, kdo vytvoří štítek k tomuto záznamu!

MARC

LEADER 00000nam a2200000 a 4500
001 UCZ0602
003 CL-VaPUC
008 950804e19820000SP |||||||||||||||||spa|d
082 0 4 |a 372.4  |b HOR  |2 21 
100 0 |a Horrocks, Edna H  |e author  |9 343616 
700 0 |a Sackett, Grace L  |e author  |9 343617 
700 0 |a Gary, Nancy  |e author  |9 343618 
700 0 |a Kwapil, Helen  |e author  |9 343619 
245 1 0 |a Lectura, ortografía y composición en la escuela primaria 
300 |a 190 p 
942 |c BK 
945 |d 19950804 00:00:00  |a mfernand 
260 |a Barcelona  |b Paidós  |c 1982 
650 0 |a Lectura  |9 307634 
650 0 |a Ortografía  |9 309144 
650 0 |a Métodos de enseñanza  |9 270413 
650 0 |a Composición literaria  |9 324494 
650 7 |a EJERCICIOS DE REDACCION  |2 CL-VaPUC  |9 311847 
650 0 |a Educación lingüística  |9 306506 
650 0 |a Lenguas extranjeras   |9 343620 
583 |a last modification  |c 20170830 09:28:28  |k Rodrigo Vera 
490 0 |a Paidós educador, 17 
999 |c 237519  |d 237517 
952 |0 0  |1 0  |4 0  |6 372_400000000000000_HOR_1982  |7 0  |8 P  |9 246767  |a BIBEDU  |b BIBEDU  |c BIBEDU_PB  |d 2019-11-18  |i 154974K  |o 372.4 HOR 1982  |p 154974K  |r 2024-01-25  |w 2019-11-18  |y BK  |k EDU 
952 |0 0  |1 0  |4 0  |6 372_400000000000000_HOR_1982  |7 0  |8 P  |9 246768  |a BIBEDU  |b BIBEDU  |c BIBEDU_PB  |d 2019-11-18  |i 1549669  |o 372.4 HOR 1982  |p 1549669  |r 2024-01-25  |w 2019-11-18  |y BK  |k EDU 
952 |0 0  |1 0  |4 0  |6 372_400000000000000_HOR_1982  |7 0  |8 A  |9 246769  |a FDOPOS  |b FDOPOS  |d 2019-11-18  |i 3689344  |o 372.4 HOR 1982  |p 3689344  |r 2025-01-22  |w 2019-11-18  |y BK  |k MLA